000 00662nam a2200205Ia 4500
003 GCL
008 140319s9999 xx 000 0 ara d
040 _aGCL /
_cGCL
082 0 4 _a373.19
_bف ق
100 1 _aفايز مراد مينا
245 1 0 _aقضايا فى تعليم وتعلم الرياضيات مع اشارة خاصة للعالم العربى /
_cفايز مراد مينا
260 _a[S.N] :
_bمكتبة الانجلوالمصرية ،
_c1994
300 _a352 ص
490 _a
650 0 4 _aطرق التدريس
650 0 4 _aالتعليم
650 0 4 _aالرياضيات
650 0 4 _aطرق التجارة
942 _2ddc
_cBK
999 _c37312
_d37312